000 00722nam a22002057a 4500
999 _c17810
_d17810
003 AR-CdUCM
008 190509b ||||| |||| 00| 0 spa d
040 _aMUNICIPALIDAD PROVINCIAL DEL CUSCO
_cBIBLIOTECA MUNICIPAL DEL CUSCO
082 _a150 /
_bP87
110 _aInstituto de psicología experimental de Moscú
_937991
245 _aLos problemas de la psicología moderna /
260 _aMadrid :
_bM. Aguilar,
_c1935.
300 _a421 páginas ;
_c20 cm.
505 _aContenido: Cuestiones teóricas generales -- Investigaciones experimentales.
650 _aPsicología
_91538
650 _aExperimental
_937992
700 _aNin, Andres (traductor)
_937993
942 _2ddc
_cLIBROS
945 _aacv
_d2019-05-09